| 000 | 00516cam a22002171 4500 | ||
|---|---|---|---|
| 001 | sa 65002029 | ||
| 003 | DLC | ||
| 005 | 20260227112113.0 | ||
| 008 | 890919s1963 ii 000 0 kano | ||
| 010 | _asa 65002029 | ||
| 035 | _a(OCoLC)20367351 | ||
| 040 |
_aDLC _cWaU _dDLC |
||
| 042 | _apremarc | ||
| 050 | 0 | 0 |
_aPL4659.P8 _bG3 |
| 100 | 1 |
_aPuṭṭasvāmayya, Bi., _d1897- |
|
| 245 | 0 | 0 | _aGautama Buddha. |
| 260 | _c[1963] | ||
| 300 |
_a90 p. _c19 cm. |
||
| 500 | _aIn Kannada. | ||
| 600 | 0 | 0 | _aGautama Buddha. |
| 999 |
_c62397 _d62397 |
||